000 01306nam a2200361Ia 4500
005 20220317001734.0
008 170328s2016 s g 000 f s
020 _a9788420600000 (Obra completa)
020 _a9788420652740 (volumen 3)
041 _aspa
100 1 _aProust, Marcel
_d1871-1922
245 1 0 _aEn busca del tiempo perdido, 3
_bel mundo de Guermantes
_cMarcel Proust ; traducción de Consuelo Borges
250 _a3a. edición
300 _a784 páginas
_c18 cm
490 _aEl libro de bolsillo : biblioteca de autor
534 _bÀ la recherche du temps perdu: Sodome et Gomorrhe
650 1 4 _2LEMB
_aNovela francesa
_ySiglo XIX
650 1 4 _2LEMB
_aLiteratura francesa
_ySiglo XIX
650 1 4 _2LEMB
_aVida social y costumbres en la literatura
650 1 4 _2LEMB
_aMemoria en la literatura
650 1 4 _2LEMB
_aTiempo en la literatura
650 1 4 _2LEMB
_aArte en la literatura
700 1 _aSalinas, Pedro
_d1891-195
_989859
700 1 _aQuiroga Plá, José María
_989860
700 1 _aBorges, Consuelo
_etraductora
_989861
942 _2loc
_cBKLIT
264 _aMadrid
_bAlianza
_c2016
336 _atexto
_btxt
_2rdacontent
337 _asin mediación
_bn
_2rdamedia
338 _avolumen
_bnc
_2rdacarrier
040 _aCO-BoRNBP
_bspa
_erda
_cCO-BoRNBP
084 _aN PRO1
999 _c7920
_d7920